Curso de Direito Processual do Trabalho Processo de Conhecimento 2 / Vol. II

Detalles Bibliográficos
Autor principal: Teixeira Filho, Manoel Antonio
Formato: eBook
Lenguaje:portugués
Publicado: San Pablo: LTR Editora, 2009
Materias:
Acceso en línea:Acceso restringido

MARC

LEADER 00000nam a22000007a 4500
005 20150813233227.0
007 cr|||| ||||
008 150813s2009 br |||||s|||| 00||0 por d
020 |a 978-85-361-1819-2 
035 |a 12836 
040 |a vLex 
090 |c 5554  |d 5554 
100 1 |a Teixeira Filho, Manoel Antonio 
245 1 0 |a Curso de Direito Processual do Trabalho  |h [Recurso electrn̤ico] :  |b Processo de Conhecimento 2 /  |c Manoel Antonio Teixeira Filho  |n Vol. II 
256 |a Servicio en ln̕ea 
260 |a San Pablo:  |b LTR Editora,  |c 2009 
300 |a 1 recurso electrn̤ico 
500 |a Esta coleȯ̂, Curso de Direito Processual do Trabalho, ̌a maior, melhor, mais completa e atual obra do Prof. Manoel Antonio Teixeira Filho e est ̀dividida em trs̊ volumes, a saber: Volume I - Processo de Conhecimento 1, compreendendo temas de Teoria Geral do Processo; Volume II - Processo de Conhecimento 2, contendo temas objetivos; Volume III - enfeixando o Processo de Execuȯ̂, o Processo Cautelar e os Procedimentos Especiais. 
506 1 |a Disponible solo en los productos indicados  |d vLex Global  |d vLex Global (Academic Edition, excluding Law Schools)  |d vLex Global (U.S. Academic Edition, Law Schools)  |d vLex Global (U.S. Academic Edition, excluding Law Schools)  |d vLex Global (Academic Edition, Law Schools) 
650 0 4 |a Procedimiento Laboral  |z Brasil 
740 0 |a vLex Libros (Servicio en ln̕ea) 
856 4 0 |u http://vlex.com/source/curso-de-direito-processual-do-trabalho-vol-ii-processo-de-conhecimento-2-12836  |z Acceso restringido 
942 |c BOOK 
999 0 |a Labour Procedure